000
00254nam a2200097Ia 4500
008
220204s9999 xx 000 0 und d
082
_a
38(058)
_b
COM
245
0
_a
Commerce yearbook of public sector 1974-75
260
_a
Bombay
_b
Commerce
_c
1975
942
_c
BK
999
_c
23234
_d
23234